Центры окраски в кристаллах MgO-Fe; Вакуумная ультрафиолетовая спектроскопия ионных кристаллов

Podrobná bibliografie
Parent link:Вакуумная ультрафиолетовая спектроскопия ионных кристаллов.— 1980.— С. 195-198
Hlavní autor: Кузнецов А. С.
Další autoři: Реало К. В.
Jazyk:ruština
Vydáno: 1980
Médium: MixedMaterials Kapitola
KOHA link:https://koha.lib.tpu.ru/cgi-bin/koha/opac-detail.pl?biblionumber=215248

MARC

LEADER 00000naa2a2200000 4500
001 215248
005 20231031193807.0
035 |a (RuTPU)RU\TPU\book\235149 
035 |a RU\TPU\book\235148 
090 |a 215248 
100 |a 20120505d1980 k y0rusy50 ca 
101 0 |a rus 
102 |a RU 
200 1 |a Центры окраски в кристаллах MgO-Fe  |f А. С. Кузнецов, К. В. Реало 
320 |a Библиогр.: с. 198 (7 назв.) 
463 0 |0 (RuTPU)RU\TPU\book\235009  |t Вакуумная ультрафиолетовая спектроскопия ионных кристаллов  |o сборник статей  |f Академия наук Эстонской ССР (АН ЭССР), Институт физики (ИФ) ; отв. ред. Т. И. Савихина  |v С. 195-198  |d 1980  |p 206 с.  |s Труды института физики АН ЭССР ; Вып. 51 
700 1 |a Кузнецов  |b А. С. 
701 1 |a Реало  |b К. В. 
801 1 |a RU  |b 63413507  |c 20120505 
801 2 |a RU  |b 63413507  |c 20120505  |g RCR 
942 |c BK